| 000 | 00673nam a2200181 a 4500 | ||
|---|---|---|---|
| 008 | 111103s2011 ||||||||||||||||| || u | ||
| 020 | _a9789211012354 | ||
| 050 | _aUNO(02) | ||
| 110 | _aUnited Nations Organisation (UNO) | ||
| 245 | 1 | 0 |
_aBasic facts about the United Nations. -- Rev. ed. _cby United Nations Organisation [UNO] |
| 250 | _aRev. ed. | ||
| 260 |
_aGeneva: _bUNITED NATIONS _c2011 |
||
| 300 | _axvii, 309p.: ill. | ||
| 350 | _a0.00 | ||
| 650 | _aPOLITICS | ||
| 650 | _aUNITED NATIONS--HANDBOOKS, MANUALS, ETC | ||
| 995 |
_FCBU-MAIN LIBRARY (Kitwe) _I0.00 _M1 _UAVAILABLE _WMar 14, 2013 _ZInternational Publications |
||
| 999 |
_c35553 _d35553 |
||